00371nam a2200133 a 450000500170000000800410001702000180005805000230007610000210009924500450012026000380016530000090020344000250021220140412111219.0110128s19uu xx 00 eng d a0-688-09350-7 aTR(PS EbWh55 1983 aStevenson, James aWhat's under my bed? /cJames Stevenson. aU. S. A :bMulberry books,c1983. aunp. aReading rainbow book